000 00625nam a22002177a 4500
005 20170124110226.0
010 _aB-168340
020 _c600.00
035 _aB-168340
037 _bCen Lib/Ret
040 _aDPL
_bEN
082 _a954.14
_bJUN
100 _aJuneja, M.M.
_916988
245 _aHisar City :
_cby M.M.Juneja
_bplaces & personalities /
260 _aHisar
_bModern Publishers
_c2004
270 _a1227-P, Urban Estate-II
_bHaryana
300 _axiv,744p. :
_c21cm(Hb)
_bill.
650 _aHisar -- History
_940816
650 _aHisar -- Biography
_940817
942 _2ddc
_cEN
_h954.14
_mJUN
999 _c134470
_d134470